<?xml version="1.0" encoding="UTF-8"?>
<collection xmlns="http://www.loc.gov/MARC21/slim">
 <record>
  <leader>05198nam a2200313 a 4500</leader>
  <controlfield tag="001">kal1646</controlfield>
  <controlfield tag="003">Gr-AtHEAL</controlfield>
  <controlfield tag="005">20160425132341.0</controlfield>
  <controlfield tag="006">m        d        </controlfield>
  <controlfield tag="008">160413s2015    gr      s           gre|c</controlfield>
  <datafield tag="020" ind1=" " ind2=" ">
   <subfield code="a">9789606031380</subfield>
  </datafield>
  <datafield tag="040" ind1=" " ind2=" ">
   <subfield code="a">GR-AtHEAL</subfield>
   <subfield code="b">gre</subfield>
   <subfield code="c">GR-AtHEAL</subfield>
  </datafield>
  <datafield tag="082" ind1="0" ind2="4">
   <subfield code="a">576.8</subfield>
   <subfield code="2">23</subfield>
  </datafield>
  <datafield tag="100" ind1="1" ind2=" ">
   <subfield code="a">Λαδουκάκης, Εμμανουήλ.</subfield>
   <subfield code="8">263</subfield>
  </datafield>
  <datafield tag="245" ind1="1" ind2="0">
   <subfield code="a">Βασικές αρχές εξελικτικής βιολογίας</subfield>
   <subfield code="h">[Ηλεκτρονικός πόρος] </subfield>
   <subfield code="c">Λαδουκάκης, Εμμανουήλ ; Κριτικός αναγνώστης,Ζούρος, Ελευθέριος ; Γλωσσική επιμέλεια,Τσιαδήμου, Αναστασία.</subfield>
  </datafield>
  <datafield tag="260" ind1=" " ind2=" ">
   <subfield code="a">Αθήνα :</subfield>
   <subfield code="b">Σύνδεσμος Ελληνικών Ακαδημαϊκών Βιβλιοθηκών,</subfield>
   <subfield code="c">c2015.</subfield>
  </datafield>
  <datafield tag="490" ind1=" " ind2=" ">
   <subfield code="a">Ακαδημαϊκά Ηλεκτρονικά Συγγράμματα και Βοηθήματα Κάλλιπος</subfield>
   <subfield code="8">40</subfield>
  </datafield>
  <datafield tag="520" ind1=" " ind2=" ">
   <subfield code="a">Το βιβλίο θα πραγματεύεται τις βασικές αρχές της Εξελικτικής Βιολογίας στα πλαίσια της διδασκαλίας της σε προπτυχιακό επίπεδο. Δεδομένου ότι τα προγράμματα σπουδών στα Ελληνικά πανεπιστήμια περιλαμβάνουν ελάχιστα μαθήματα συναφή με την Εξέλιξη (τις περισσότερες φορές ένα μόνο μάθημα), το βιβλίο θα προσπαθήσει να καλύψει όσο το δυνατό μεγαλύτερο εύρος του ευρύτατου αντικειμένου της Εξέλιξης. Αρχικά θα παραθέτει τις ενστάσεις που υπάρχουν για τη θεωρία της Εξέλιξης και τα τεκμήρια που την υποστηρίζουν. Θα αποδεικνύει την Εξέλιξη ως επιστημονική θεωρία και ενοποιητική θεωρία της Βιολογίας. Στη συνέχεια θα επεκτείνεται σε βασικές αρχές Γενετικής Πληθυσμών με την ανάλυση της ισορροπίας Hardy-Weinberg και την περιγραφή του τρόπου με τον οποίο κάθε μια από τις εξελικτικές δυνάμεις (φυσική επιλογή, τυχαία γενετική παρέκκλιση, μετάλλαξη, μετανάστευση) οδηγούν στην εξέλιξη των πληθυσμών. Θα αναλυθούν ειδικές περιπτώσεις φυσικής επιλογής όπως επιλογή ενάντια στο υποτελές ή ενάντια στο κυρίαρχο αλληλόμορφο, υπερκυριαρχία, συχνοεξαρτώμενη επιλογή. Θα περιγραφεί συνοπτικά πώς οι διαφορετικές εξελικτικές δυνάμεις δρουν σε συνδυασμό στους πληθυσμούς π.χ. η επιλογή με την μετάλλαξη. Θα περιγραφεί ο ρόλος της ομομιξίας στην Εξέλιξη και η δυναμική της υποδιαίρεσης πληθυσμών. Θα αναπτυχθεί η ανισορροπία σύνδεσης και ο ρόλος του ανασυνδυασμού στην Εξέλιξη. Ένα χωριστό κεφάλαιο θα αποτελέσει η γενετική των ποσοτικών χαρακτήρων μαζί με την ανθρωπογενή επιλογή. Σε επόμενη ενότητα θα αναλυθούν οι αρχές της κοινωνιοβιολογίας μέσα από τις αλτρουιστικές και τις συγκρουσιακές συμπεριφορές σε οργανισμικό και σε γενετικό επίπεδο. Ένα κεφάλαιο θα αποτελέσει η φυλοεπιλογή και η εξέλιξη του φύλου καθώς και οι αρχές της ειδογένεσης. Το βιβλίο θα τελειώνει με σύντομη αναφορά στη Μοριακή Εξέλιξη, δηλαδή τη φυλογένεση και την αλληλεπίδραση της επιλογής με την τυχαία γενετική παρέκκλιση σε μοριακό επίπεδο.</subfield>
  </datafield>
  <datafield tag="650" ind1=" " ind2="0">
   <subfield code="a">Evolution (Biology)</subfield>
   <subfield code="8">2325</subfield>
  </datafield>
  <datafield tag="653" ind1=" " ind2=" ">
   <subfield code="a">Μοριακή εξέλιξη</subfield>
  </datafield>
  <datafield tag="653" ind1=" " ind2=" ">
   <subfield code="a">Γενετική πληθυσμών</subfield>
  </datafield>
  <datafield tag="653" ind1=" " ind2=" ">
   <subfield code="a">Εξέλιξη</subfield>
  </datafield>
  <datafield tag="653" ind1=" " ind2=" ">
   <subfield code="a">Επιστήμες της ζωής</subfield>
  </datafield>
  <datafield tag="700" ind1="1" ind2=" ">
   <subfield code="a">Ζούρος, Ελευθέριος</subfield>
   <subfield code="e">Κριτικός αναγνώστης</subfield>
   <subfield code="8">264</subfield>
  </datafield>
  <datafield tag="856" ind1="4" ind2="0">
   <subfield code="u">http://hdl.handle.net/11419/1646</subfield>
   <subfield code="z">Πλήρες Κείμενο - Full text</subfield>
  </datafield>
  <datafield tag="907" ind1=" " ind2=" ">
   <subfield code="a">.b25680006</subfield>
   <subfield code="b">12-06-18</subfield>
   <subfield code="c">29-07-16</subfield>
  </datafield>
  <datafield tag="949" ind1=" " ind2=" ">
   <subfield code="0">0</subfield>
   <subfield code="1">0</subfield>
   <subfield code="2">ddc</subfield>
   <subfield code="4">0</subfield>
   <subfield code="6">576_800000000000000_ΛΑΔ</subfield>
   <subfield code="7">0</subfield>
   <subfield code="8">KALL</subfield>
   <subfield code="8">759</subfield>
   <subfield code="d">2016-04-13</subfield>
   <subfield code="r">2016-04-13</subfield>
   <subfield code="w">2016-04-13</subfield>
   <subfield code="z">576.8 ΛΑΔ</subfield>
   <subfield code="o">SEAB KALLIPOS</subfield>
  </datafield>
  <datafield tag="998" ind1=" " ind2=" ">
   <subfield code="a">80</subfield>
   <subfield code="a">01</subfield>
   <subfield code="a">02</subfield>
   <subfield code="a">03</subfield>
   <subfield code="a">04</subfield>
   <subfield code="a">05</subfield>
   <subfield code="a">06</subfield>
   <subfield code="a">07</subfield>
   <subfield code="a">08</subfield>
   <subfield code="a">09</subfield>
   <subfield code="a">10</subfield>
   <subfield code="a">11</subfield>
   <subfield code="a">12</subfield>
   <subfield code="a">13</subfield>
   <subfield code="a">14</subfield>
   <subfield code="a">15</subfield>
   <subfield code="a">16</subfield>
   <subfield code="a">17</subfield>
   <subfield code="a">18</subfield>
   <subfield code="a">19</subfield>
   <subfield code="a">20</subfield>
   <subfield code="a">21</subfield>
   <subfield code="a">22</subfield>
   <subfield code="a">23</subfield>
   <subfield code="a">24</subfield>
   <subfield code="a">25</subfield>
   <subfield code="a">26</subfield>
   <subfield code="b">16-05-17</subfield>
   <subfield code="c">m</subfield>
   <subfield code="d">z  </subfield>
   <subfield code="e">-</subfield>
   <subfield code="f">gre</subfield>
   <subfield code="g">gr </subfield>
   <subfield code="h">0</subfield>
  </datafield>
  <datafield tag="942" ind1=" " ind2=" ">
   <subfield code="2">ddc</subfield>
   <subfield code="c">KALLIPOS</subfield>
  </datafield>
 </record>
</collection>
